000 00541nam a2200193Ia 4500
005 20250326143851.0
008 250326s9999 xx 000 0 und d
037 _aTextbook
040 _aFMSL
_beng
_cFMSL
041 _aeng
_2eng
084 _aB28obX L2
_qFMSL
100 _aThirkettle G L
_9280572
245 0 _aBusiness statistics and statistical method
_cThirkettle G L
250 _a7
260 _aLondon
_bLondon, Macdonald & Evans
_c1972
300 _a242p
942 _cTB
_hB28obX L2
999 _c1301398
_d1301398